Losowo połączone dzielnice Warszawy na mapie - Statystyki

Ogólne statystyki
  • Ten quiz został rozwiązany 140 razy
  • Średni wynik to 8 z 10
Odpowiedzi na mapie
Odpowiedzi zakodowano w zielono-czerwonej skali na mapie do tego quizu, zgodnie z poniższymi procentami.
 
Statystyki odpowiedzi
Połączone dzielnice % Poprawnych
Praga-Południe
86%
Mokotów
85%
Wilanów
78%
Wola
78%
Ursus
77%
Wawer
77%
Białołęka
76%
Bemowo
74%
Targówek
71%
Ochota
70%
Nie znaleziono quizów pasujących do podanych kryteriów
Rozkład punktacji
Procent ludzi z każdym wynikiem
Percentyl według liczby udzielonych odpowiedzi
Twoja historia wyników
Nie rozwiązałeś tego quizu